Sound and American Religions
Americans of diverse religious backgrounds have striven to hear God’s voice or to respond to the call of other suprahuman forces. Yet despite increased attention to visual and material culture, religious studies research mostly has been deaf to the sounds of American religious life and to the signif...
| Autore principale: | |
|---|---|
| Tipo di documento: | Elettronico Articolo |
| Lingua: | Inglese |
| Verificare la disponibilità: | HBZ Gateway |
| Interlibrary Loan: | Interlibrary Loan for the Fachinformationsdienste (Specialized Information Services in Germany) |
| Pubblicazione: |
2009
|
| In: |
Religion compass
Anno: 2009, Volume: 3, Fascicolo: 5, Pagine: 897-908 |
| Accesso online: |
Volltext (lizenzpflichtig) Volltext (lizenzpflichtig) |
MARC
| LEADER | 00000naa a22000002c 4500 | ||
|---|---|---|---|
| 001 | 1837360367 | ||
| 003 | DE-627 | ||
| 005 | 20230224102112.0 | ||
| 007 | cr uuu---uuuuu | ||
| 008 | 230224s2009 xx |||||o 00| ||eng c | ||
| 024 | 7 | |a 10.1111/j.1749-8171.2009.00164.x |2 doi | |
| 035 | |a (DE-627)1837360367 | ||
| 035 | |a (DE-599)KXP1837360367 | ||
| 040 | |a DE-627 |b ger |c DE-627 |e rda | ||
| 041 | |a eng | ||
| 084 | |a 0 |2 ssgn | ||
| 100 | 1 | |a Weiner, Isaac A. |e VerfasserIn |4 aut | |
| 245 | 1 | 0 | |a Sound and American Religions |
| 264 | 1 | |c 2009 | |
| 336 | |a Text |b txt |2 rdacontent | ||
| 337 | |a Computermedien |b c |2 rdamedia | ||
| 338 | |a Online-Ressource |b cr |2 rdacarrier | ||
| 520 | |a Americans of diverse religious backgrounds have striven to hear God’s voice or to respond to the call of other suprahuman forces. Yet despite increased attention to visual and material culture, religious studies research mostly has been deaf to the sounds of American religious life and to the significance of hearing as a spiritual practice. This essay explores the theoretical and methodological roots of this disciplinary deafness and offers theoretical resources from fields such as social history, anthropology, acoustic sciences, and phenomenology. It reviews recurring themes in research on sound and American religions—especially related to the role of music in constructing identity and difference—and suggests directions for further research, including the need to attend to how sound mediates contact among diverse religious communities. This essay encourages scholars to become more attuned to the sonic world of American religious life. | ||
| 601 | |a Religion | ||
| 773 | 0 | 8 | |i Enthalten in |t Religion compass |d Oxford : Wiley-Blackwell, 2007 |g 3(2009), 5, Seite 897-908 |h Online-Ressource |w (DE-627)547663854 |w (DE-600)2392083-X |w (DE-576)278762514 |x 1749-8171 |7 nnas |
| 773 | 1 | 8 | |g volume:3 |g year:2009 |g number:5 |g pages:897-908 |
| 856 | 4 | 0 | |u https://doi.org/10.1111/j.1749-8171.2009.00164.x |x Resolving-System |z lizenzpflichtig |3 Volltext |7 1 |
| 856 | 4 | 0 | |u https://onlinelibrary.wiley.com/doi/abs/10.1111/j.1749-8171.2009.00164.x |x Verlag |z lizenzpflichtig |3 Volltext |7 1 |
| 951 | |a AR | ||
| ELC | |a 1 | ||
| ITA | |a 1 |t 1 | ||
| LOK | |0 000 xxxxxcx a22 zn 4500 | ||
| LOK | |0 001 4275648250 | ||
| LOK | |0 003 DE-627 | ||
| LOK | |0 004 1837360367 | ||
| LOK | |0 005 20230224102112 | ||
| LOK | |0 008 230224||||||||||||||||ger||||||| | ||
| LOK | |0 040 |a DE-Tue135 |c DE-627 |d DE-Tue135 | ||
| LOK | |0 092 |o n | ||
| LOK | |0 852 |a DE-Tue135 | ||
| LOK | |0 852 1 |9 00 | ||
| LOK | |0 935 |a ixzs |a ixzo |a rwrk | ||
| LOK | |0 939 |a 24-02-23 |b l01 | ||
| ORI | |a SA-MARC-ixtheoa001.raw | ||
| REL | |a 1 | ||
| SUB | |a REL | ||